CONSTRUCTION ECONOMICS / (Record no. 587228)

000 -LEADER
fixed length control field 00321nam a22001337a 4500
040 ## - CATALOGING SOURCE
Transcribing agency FIZZA ISHAQ
082 ## - DEWEY DECIMAL CLASSIFICATION NUMBER
Classification number 338.4762
Author Mark DAN
100 ## - MAIN ENTRY--PERSONAL NAME
Personal name MYERS, DANNY.
Dates associated with a name 2017.
9 (RLIN) 86072
245 ## - TITLE STATEMENT
Title CONSTRUCTION ECONOMICS /
Statement of responsibility, etc. DANNY MYERS.
250 ## - EDITION STATEMENT
Edition statement 4th ED.
260 ## - PUBLICATION, DISTRIBUTION, ETC.
Place of publication, distribution, etc. NEW YORK :
Date of publication, distribution, etc. 2017.
300 ## - PHYSICAL DESCRIPTION
Extent 346 P. ;
942 ## - ADDED ENTRY ELEMENTS (KOHA)
Source of classification or shelving scheme
Koha item type Book
Holdings
Withdrawn status Lost status Source of classification or shelving scheme Damaged status Not for loan Permanent Location Current Location Date acquired Total Checkouts Full call number Date last seen Copy number Price effective from Koha item type
          NUST Baluchistan Campus (NBC) NUST Baluchistan Campus (NBC) 12/08/2021   338.4762 DAN 12/08/2021 Q-2129 12/08/2021 Book
© 2023 Central Library, National University of Sciences and Technology. All Rights Reserved.